Lo specchio delle muse
Guardado en:
| Autor principal: | |
|---|---|
| Formato: | Libro |
| Lenguaje: | Undetermined |
| Publicado: |
Roma, Italia
Oreste Barjes
1958
|
| Materias: | |
| Etiquetas: |
Agregar Etiqueta
Sin Etiquetas, Sea el primero en etiquetar este registro!
|
MARC
| LEADER | 00000nam a2200000Ia 4500 | ||
|---|---|---|---|
| 008 | 170316s9999 xx 000 0 und d | ||
| 999 | |c 8205 |d 8205 | ||
| 040 | |a cru BVZT | ||
| 090 | |a 850 P-9s | ||
| 100 | |a Pontani, F. M. | ||
| 245 | |a Lo specchio delle muse |c / F. M. Pontani | ||
| 260 | |a Roma, Italia |b Oreste Barjes |c 1958 | ||
| 300 | |a 797 páginas | ||
| 650 | |a LITERATURA ITALIANA |9 212 | ||
| 942 | |c 15 D |h 850 P-9s |2 z | ||
